00992nam a22002777a 45000010005000000030006000050050017000110080041000280200015000690400029000840500018001130820012001311000017001432450103001602500044002632600037003073000049003444900052003935050008004455200112004535210029005655210020005946500035006146500035006497000030006848068FISKH20250820124042.0250820b cb ||||| |||| 00| 0 eng d a0717298523 aFISKHbengcFISKHdFISKH aPN6231.A5 L43 a818.602 aLeber, Nancy aAnts to zebras :bSilly animal jokes and riddles / cby Nancy Lebber : Illustrated by Tony Griego  aFirst Scholastic printing, January 2006 aNew York : bScholastic ,c2006. a24 pages : bcolor illustrations ;c23 cm .  aScholastic At-Home Phonics Reading Program v53 aJ  aPhonics reader; sounds & letters (long o and u with final e); sight words (elephant, kangaroo, which, zebra8 a500 bLexile estimate 8 aJ bRaz-Plus  aAnimalsvChildren's literature aPhonicsvChildren's literature aGriego, TonyeIllustator